Statistiques concernant Culture Générale - Série 2191

Cliquez ici pour prendre le quiz!

Statistiques générales

  • Ce quiz a été pris 115 fois
  • Le résultat moyen est 6 sur 10

Statistiques - réponses

QuestionRéponse% Correct
En associant 2 villes françaises, vous avec le nom du gâteau en photographie ?Paris Brest
86%
Dans quel sport s’est illustrée Martina Navratilova ?tennis
86%
Quel territoire français d'outre-mer est surnommé "l'île papillon" ?Guadeloupe
79%
Quel est le terme français pour email ?courriel
76%
Qui était la mère du chanteur Carlos ? prénom et nomFrançoise Dolto
71%
Complétez le dicton : " toute ...... mérite salaire "?peine
56%
Complétez le dicton : "Faire l'âne pour avoir du ..." ?son
44%
Parcourir à grands pas - 8 lettres commençant par " a "arpenter
40%
Quel archipel de l'océan indien est surnommé "l'île hippocampe" ?Mayotte
22%
Quel fleuve côtier arrose la ville d'Avranches (50) ?Sée
6%

Distribution des résultats

Percentile par nombre de réponses

% des personnes avec chaque résultat

Votre développement - résultats

Vous n’avez pas pris ce quiz